000 00868nam a2200253Ia 4500
003 OSt
005 20220926005441.0
006 a|||||r|||| 00| 0
007 ta
008 220923b |||||||| |||| 00| 0 eng d
020 _a9789383575671
_c3825
037 _b2295, 30/12/2015, SUCCESS BOOK SERVICE
_cGeneral Book
040 _aRTL
_cRTL
_beng
041 _2eng
_aeng
082 _aU43:(G:55).P, Q6
100 _aSARKAR A N
_9299709
245 0 _aSmart cities
_b A symbiosis of heritage, aesthetics, architecture, economics, environment and modern life style
260 _a New Delhi
_bSSDN Publisher & Distributor
_c2016
300 _ax, 483p
_ccm.
500 _aBibliography: 198-200p.
650 _aGeography
942 _hU43:(G:55).P, Q6
_cGB
_2CC
999 _c613899
_d613899